000 00751nam a2200217Ia 4500
003 GCL
008 140319s9999 xx 000 0 ara d
040 _aGCL /
_cGCL
082 0 4 _a157
_bم ص
100 1 _aعباس محمود عوض
245 1 0 _aالصحة النفسية والتفوق الدراسى /
_cعباس محمود عوض
700 1 _aمدحت عبدالحميد عبداللطيف
260 _aبيروت :
_bدار النهضة العربية للطباعة والنشر ،
_c1990
300 _a332 ص ؛
_c24 سم
650 0 4 _aالصحة النفسية
650 0 4 _aالصحة العقلية
650 0 4 _aالسلوك
650 0 4 _aالتكيف النفسى
650 0 4 _aالتفوق الدراسى
942 _2ddc
_cBK
999 _c39183
_d39183